[Event "Mechanics' Spring TNM; 30/90, SD/30"]
[Site "San Francisco"]
[Date "2011.03.29"]
[Round "3.9"]
[White "Traub, Igor"]
[Black "Persidsky, Andre"]
[Result "1-0"]
[WhiteElo "2134"]
[BlackElo "1799"]
[PlyCount "51"]
[EventDate "2011.??.??"]

1. Nf3 d5 2. g3 Nf6 3. Bg2 Nbd7 4. d4 e6 5. O-O c5 6. c4 Be7 7. cxd5 exd5 8.
Nc3 O-O 9. Bf4 b6 10. dxc5 Nxc5 11. Nb5 Bb7 12. Rc1 a6 13. Nbd4 Rc8 14. Bh3
Ncd7 15. Rxc8 Bxc8 16. Nc6 Qe8 17. Qc2 Bb7 18. Nxe7+ Qxe7 19. Qc7 Bc8 20. Bd6
Qd8 21. Rc1 Re8 22. Nd4 Qxc7 23. Rxc7 b5 24. Nc6 Nb6 25. Bxc8 Nxc8 26. Rxc8 1-0

[Event "Mechanics' Spring TNM; 30/90, SD/30"]
[Site "San Francisco"]
[Date "2011.03.23"]
[Round "2.1"]
[White "Wong, Russell"]
[Black "Chen, Mingson"]
[Result "1-0"]
[WhiteElo "2200"]
[BlackElo "1904"]
[PlyCount "25"]
[EventDate "2011.??.??"]

1. e4 c5 2. Nf3 d6 3. d4 cxd4 4. Nxd4 Nf6 5. Nc3 e6 6. Be3 a6 7. a4 Be7 8. Be2
Nc6 9. O-O Bd7 10. Nb3 Qc7 11. f4 O-O 12. Bf3 Rac8 13. Ne2 1-0

[Event "Mechanics' Spring TNM; 30/90, SD/30"]
[Site "San Francisco"]
[Date "2011.04.19"]
[Round "6.5"]
[White "Wong, Russell"]
[Black "Krasnov, Steven"]
[Result "1-0"]
[WhiteElo "2200"]
[BlackElo "1957"]
[PlyCount "69"]
[EventDate "2011.??.??"]

1. e4 c5 2. Nf3 e6 3. d4 cxd4 4. Nxd4 Nf6 5. Nc3 d6 6. Be3 a6 7. a4 b6 8. Be2
Bb7 9. f3 Be7 10. O-O Nbd7 11. Qd2 Rc8 12. Rfd1 Qc7 13. a5 b5 14. Bxb5 axb5 15.
Ndxb5 Qb8 16. a6 Bc6 17. a7 Qb7 18. Nxd6+ Bxd6 19. Qxd6 Nb6 20. a8=Q Rxa8 21.
Rxa8+ Qxa8 22. Bxb6 Nd7 23. Nd5 Bxd5 (23... exd5 $2 24. exd5 Bb5 25. Re1+ {
mating}) 24. exd5 e5 25. Bf2 h5 26. Bh4 Qa7+ 27. Kf1 f6 28. Qe6+ Kd8 29. Qc6
Ke7 30. Bf2 Qa5 31. Qe6+ Kd8 32. b3 Qb5+ 33. Kg1 Qe2 34. Ra1 Kc7 35. Ra7+ 1-0

[Event "Mechanics' Spring TNM; 30/90, SD/30"]
[Site "San Francisco"]
[Date "2011.05.03"]
[Round "8.1"]
[White "Wong, Russell"]
[Black "Zavadsky, Peter"]
[Result "1/2-1/2"]
[WhiteElo "2200"]
[BlackElo "2299"]
[PlyCount "141"]
[EventDate "2011.??.??"]

1. e4 c5 2. Nf3 d6 3. d4 cxd4 4. Nxd4 Nf6 5. Nc3 a6 6. Bg5 e6 7. a4 Nc6 8. Be2
Be7 9. O-O O-O 10. Nb3 Na5 11. Nxa5 Qxa5 12. Bxf6 Bxf6 13. Qxd6 Rd8 14. Qg3 Be5
15. f4 Bd4+ 16. Kh1 Bd7 17. e5 Bc6 18. Bd3 g6 19. h4 Bxc3 20. bxc3 Qxc3 21. h5
Be4 22. Rad1 Bxd3 23. Rxd3 Rxd3 24. cxd3 Rd8 25. Rf3 Rd4 26. Kh2 Qb4 27. Qg5
Qa5 28. hxg6 hxg6 29. Rh3 Qd2 30. Rh4 Qf2 31. Qf6 Qxh4+ 32. Qxh4 b5 33. axb5
axb5 34. Qg3 Kg7 35. Qe3 Ra4 36. Kg3 b4 37. d4 b3 38. Qxb3 Rxd4 39. Qc3 Rd5 40.
Qc7 Rd2 41. Kf3 Rd3+ 42. Kg4 Rd2 43. g3 Rh2 44. Qe7 Rh1 45. Qf6+ Kg8 46. Kf3
Rh3 47. Kg2 Rh5 48. g4 Rh7 49. Qd8+ Kg7 50. Qf6+ Kg8 51. f5 gxf5 52. Qd8+ Kg7
53. g5 Rh4 54. Kf3 Rg4 55. Ke3 Re4+ 56. Kd3 Rg4 57. Qf6+ Kg8 58. Qh6 Rg1 59.
Kc4 f4 60. Qf6 f3 61. Qxf3 Rxg5 62. Kc5 Rxe5+ {This position is winning for W.}
63. Kd6 Rf5 64. Qa8+ Kg7 65. Ke7 Kh7 $6 (65... Kg6 $142) 66. Qg2 Kh6 67. Qg4
Kh7 68. Kf8 ({The winning plan that W missed was} 68. Ke8 Kh6 69. Kf8 Rg5 70.
Qf4 Kh5 71. Qxf7+ Rg6 72. Ke7 Kg5 73. Qf2 Kh5 74. Kf7 Rg4 75. Qe3 Kh4 76. Kxe6
{and Q vs R mates in 21 moves against best defense.}) 68... Kh6 69. Ke7 Kh7 70.
Kf8 Kh6 71. Ke7 1/2-1/2

[Event "Mechanics' Spring TNM; 30/90, SD/30"]
[Site "San Francisco"]
[Date "2011.04.12"]
[Round "5.6"]
[White "Zavadsky, Peter"]
[Black "James, Charles"]
[Result "1-0"]
[WhiteElo "2299"]
[BlackElo "1359"]
[PlyCount "47"]
[EventDate "2011.??.??"]

1. c4 e5 2. Nc3 Nf6 3. g3 c6 4. Bg2 Bb4 5. Nf3 Qc7 6. O-O d5 7. cxd5 Bxc3 8.
bxc3 e4 9. Nd4 cxd5 10. Ba3 Bd7 11. Rb1 Na6 12. f3 Nc5 13. Bxc5 Qxc5 14. fxe4
Nxe4 15. Rxb7 Nd6 16. Rb1 O-O 17. e3 f5 18. Qb3 Ne4 19. Bxe4 fxe4 20. Qb4 Qc7
21. Qe7 Qc8 22. Rxf8+ Qxf8 23. Qxd7 Qf6 24. Qxd5+ 1-0

[Event "Mechanics' Spring TNM; 30/90, SD/30"]
[Site "San Francisco"]
[Date "2011.04.26"]
[Round "7.1"]
[White "Zavadsky, Peter"]
[Black "Shakhnazarov, Oleg"]
[Result "1-0"]
[WhiteElo "2299"]
[BlackElo "2160"]
[Annotator "Donaldson"]
[PlyCount "57"]
[EventDate "2011.??.??"]

1. e4 e5 2. Nf3 Nc6 3. Bb5 a6 4. Ba4 Nf6 5. O-O b5 6. Bb3 Be7 7. Re1 d6 8. c3
O-O 9. h3 Na5 10. Bc2 d5 11. d4 Nxe4 12. dxe5 Bc5 13. Re2 Nc4 14. b3 Nb6 15.
Be3 Bxe3 16. Rxe3 Bb7 17. Nbd2 Nxd2 18. Qxd2 c5 19. Rae1 Qe7 20. h4 g6 21. h5
d4 22. cxd4 Rad8 23. e6 f5 24. hxg6 hxg6 25. Ne5 Rxd4 26. Qe2 Rf6 27. Rg3 Qxe6
28. Bxf5 (28. Qh5 $1) 28... Qxf5 29. Nxg6 {
Black lost on time. With 29...Qe4 he would have been very much in the game.}
1-0